[Event "OHS 2020"]
[Site "Herne-Sodingen"]
[Date "2020.02.17"]
[Round "4.9"]
[White "Dreckmann, Günter"]
[Black "Wiese, Thomas"]
[Result "0-1"]
[WhiteElo "1671"]
[BlackElo "1837"]
[PlyCount "82"]
[EventDate "2020.??.??"]
[WhiteTeam "SV Königsspringer Halt"]
[BlackTeam "SV Kamen 1930"]

1. d4 d5 2. c4 c6 3. Nf3 Nf6 4. Nbd2 Bf5 5. Qb3 Qb6 6. e3 Nbd7 7. Nh4 Be6 8. c5
Qc7 9. Qc2 b6 10. b4 bxc5 11. bxc5 g6 12. f4 Ng4 13. Ndf3 f5 14. Bd2 Bg7 15.
Bd3 O-O 16. O-O Ngf6 17. Qa4 a5 18. Ng5 Bf7 19. Nhf3 Ne4 20. Bxe4 dxe4 21. Nxf7
exf3 22. Ng5 fxg2 23. Kxg2 Nf6 24. Ne6 Qd7 25. Qc4 Rf7 26. Ng5 e6 27. Nxf7 Kxf7
28. Rfb1 Nd5 29. a4 Qe7 30. Qe2 g5 31. Qh5+ Kf8 32. Qxg5 Bf6 33. Qh6+ Kg8 34.
Kf3 Kh8 35. Rg1 Bg7 36. Qh3 Nf6 37. Rab1 Qd7 38. Kg2 Qd5+ 39. Qf3 Ne4 40. Rb2
Bxd4 41. exd4 Rg8+ 0-1

[Event "OHS 2020"]
[Site "Herne-Sodingen"]
[Date "2020.02.17"]
[Round "4.10"]
[White "Melmer, Felix"]
[Black "Klein, Andreas"]
[Result "1-0"]
[WhiteElo "1833"]
[BlackElo "1699"]
[PlyCount "57"]
[EventDate "2020.??.??"]
[WhiteTeam "SC Gerthe 46 - Werne"]
[BlackTeam "SF Gelsenkirchen 2002"]

1. d4 d5 2. c4 c6 3. cxd5 cxd5 4. Nc3 Nc6 5. Bf4 a6 6. Nf3 Bf5 7. Qb3 e6 8.
Qxb7 Qc8 9. Qb3 Bb4 10. Rc1 Nge7 11. a3 Ba5 12. e3 O-O 13. Be2 Qd7 14. O-O Bxc3
15. Rxc3 Rfc8 16. Rfc1 f6 17. h3 h6 18. Qa4 e5 19. dxe5 fxe5 20. Bg3 Nd4 21.
Qd1 Nxf3+ 22. Bxf3 e4 23. Be2 a5 24. Rc7 Qe6 25. Qd4 Rxc7 26. Rxc7 Rc8 27. Qc5
Rxc7 28. Qxc7 a4 29. Bb5 1-0

[Event "OHS 2020"]
[Site "Herne-Sodingen"]
[Date "2020.02.17"]
[Round "4.11"]
[White "Jähnicke, Karl-Heinz"]
[Black "Kowalczyk, Frank"]
[Result "1-0"]
[WhiteElo "1742"]
[BlackElo "1754"]
[PlyCount "83"]
[EventDate "2020.??.??"]
[WhiteTeam "SV Rochade Eving 25/64"]
[BlackTeam "SK Sodingen/Castrop 24/23 e. V."]

1. f4 d5 2. Nf3 Nf6 3. e3 c5 4. c4 e6 5. Nc3 Be7 6. d4 O-O 7. Bd3 Nc6 8. cxd5
exd5 9. h3 a6 10. O-O c4 11. Bb1 b5 12. a3 Rb8 13. Ne5 Bb7 14. Qf3 Na5 15. Bc2
Nb3 16. Bxb3 cxb3 17. Qd1 b4 18. axb4 Bxb4 19. Qxb3 Bxc3 20. bxc3 Ne4 21. Qc2
Re8 22. Bb2 f6 23. Nf3 Rc8 24. Rfe1 Nd6 25. Nd2 Qd7 26. Rac1 Re6 27. Ba3 Nb5
28. Bc5 Rce8 29. Nf1 Nd6 30. Bxd6 Qxd6 31. Qb3 Bc6 32. Qb6 Qa3 33. Ra1 Qe7 34.
Qxa6 Ra8 35. Qd3 Rxa1 36. Rxa1 Qd7 37. c4 dxc4 38. Qxc4 Bd5 39. Qc5 Re7 40. Ra5
Be4 41. Ng3 Bd3 42. d5 1-0

[Event "OHS 2020"]
[Site "Herne-Sodingen"]
[Date "2020.02.17"]
[Round "4.12"]
[White "Deutschmann, Jürgen"]
[Black "Krolik, Wilfried"]
[Result "1-0"]
[WhiteElo "1580"]
[BlackElo "1503"]
[PlyCount "99"]
[EventDate "2020.??.??"]
[WhiteTeam "SV Hattingen e. V."]
[BlackTeam "SV Waltrop 1922 e. V."]

1. d4 Nf6 2. Bf4 c5 3. e3 cxd4 4. exd4 d5 5. c3 Qb6 6. Qb3 Nc6 7. Bd3 g6 8. Na3
Qxb3 9. axb3 a6 10. b4 Bg7 11. b5 Nd8 12. Nf3 O-O 13. O-O Ne6 14. Bd2 Ne4 15.
Be3 f5 16. Nc2 f4 17. Bc1 Bd7 18. bxa6 bxa6 19. Nb4 Bb5 20. Bxb5 axb5 21. Rxa8
Rxa8 22. Nxd5 Kf8 23. Re1 Ra1 24. Nb4 N6g5 25. Nxg5 Nxg5 26. f3 Nf7 27. Nc2 Rb1
28. Kf2 g5 29. Na3 Ra1 30. Nxb5 e5 31. d5 Ra5 32. Nc7 Ke7 33. c4 Nd6 34. b3
Ra2+ 35. Re2 Ra7 36. Ne6 Bf6 37. Nc5 Kf7 38. Bb2 Re7 39. Bc3 Kg6 40. Ne4 Nxe4+
41. Rxe4 Kf5 42. c5 Ra7 43. Re2 Ra3 44. Rb2 h5 45. c6 g4 46. h3 g3+ 47. Ke2 Bd8
48. d6 Ra8 49. c7 Bf6 50. d7 1-0

[Event "OHS 2020"]
[Site "Herne-Sodingen"]
[Date "2020.02.17"]
[Round "4.13"]
[White "Bialas, Jan-Philip"]
[Black "Boost, Jürgen"]
[Result "1/2-1/2"]
[WhiteElo "1558"]
[BlackElo "1807"]
[PlyCount "37"]
[EventDate "2020.??.??"]
[WhiteTeam "SV Datteln 1924"]
[BlackTeam "SC Gerthe 46 - Werne"]

1. d4 d5 2. Bf4 Nf6 3. Nf3 c5 4. c3 e6 5. e3 Bd6 6. Bg3 O-O 7. Bd3 Nc6 8. Nbd2
b6 9. Ne5 Bb7 10. Ndf3 Rc8 11. h4 cxd4 12. exd4 Ne7 13. h5 h6 14. Qd2 Ne4 15.
Qc1 Nxg3 16. fxg3 Bxe5 17. Nxe5 Nc6 18. Ng4 f5 19. Nf2 1/2-1/2

[Event "OHS 2020"]
[Site "Herne-Sodingen"]
[Date "2020.02.17"]
[Round "4.15"]
[White "Deno, Thomas"]
[Black "Koch, Burkhard"]
[Result "0-1"]
[WhiteElo "1377"]
[BlackElo "1694"]
[PlyCount "116"]
[EventDate "2020.??.??"]
[WhiteTeam "SC Buer-Hassel 1919 e. V."]
[BlackTeam "SG Höntrop 1947"]

1. e4 e6 2. d3 d5 3. Nd2 Nf6 4. e5 Nfd7 5. Ngf3 c5 6. g3 Nc6 7. Qe2 Qc7 8. Bg2
Ndxe5 9. O-O Bd6 10. Re1 O-O 11. Nf1 Nxf3+ 12. Qxf3 Nd4 13. Qd1 Nf5 14. f4 Bd7
15. c3 Rac8 16. Bd2 Qb6 17. Qb3 Qa6 18. c4 Nd4 19. Qc3 dxc4 20. dxc4 Bc6 21.
Ne3 Bxg2 22. Nxg2 Qc6 23. Re3 b5 24. b3 b4 25. Qd3 a5 26. Nh4 Rfd8 27. f5 exf5
28. Nxf5 Nxf5 29. Qxf5 Be5 30. Qxe5 Rxd2 31. Re2 Rxe2 32. Qxe2 Re8 33. Qd3 Qe6
34. Rd1 h6 35. Kf2 Qf6+ 36. Kg1 Qe5 37. Kf2 Qe6 38. Kf1 Qh3+ 39. Kg1 Qe6 40.
Kf1 Qh3+ 41. Kg1 Qe6 42. Kf1 h5 43. h4 Qf6+ 44. Kg2 Qe5 45. Kf2 g5 46. hxg5
Qxg5 47. Qf3 Re5 48. Rd5 Kg7 49. Rxe5 Qxe5 50. Qe2 Qxe2+ 51. Kxe2 Kf6 52. Kf3
Kf5 53. Ke3 Kg4 54. Kf2 f5 55. Kg2 f4 56. gxf4 Kxf4 57. Kf2 Ke4 58. Ke2 Kd4 0-1

[Event "OHS 2020"]
[Site "Herne-Sodingen"]
[Date "2020.02.17"]
[Round "4.16"]
[White "Scheithauer, Ralf"]
[Black "Tolksdorf, Jürgen"]
[Result "0-1"]
[WhiteElo "1313"]
[BlackElo "1679"]
[PlyCount "38"]
[EventDate "2020.??.??"]
[WhiteTeam "Bochumer SV 02"]
[BlackTeam "SG Höntrop 1947"]

1. e4 e5 2. Bc4 Nf6 3. d4 exd4 4. Nf3 Bb4+ 5. c3 dxc3 6. bxc3 Bc5 7. Bg5 h6 8.
Bh4 g5 9. Bg3 d6 10. O-O Nc6 11. Re1 Nh5 12. e5 O-O 13. exd6 Nxg3 14. hxg3 cxd6
15. Bd5 Qf6 16. Qb3 g4 17. Nh4 Qxf2+ 18. Kh2 Qxe1 19. Qc2 Qg1# 0-1

[Event "OHS 2020"]
[Site "Herne-Sodingen"]
[Date "2020.02.17"]
[Round "4.17"]
[White "Wolff, Manuela"]
[Black "Ponto, Michael"]
[Result "0-1"]
[WhiteElo "738"]
[BlackElo "1618"]
[PlyCount "72"]
[EventDate "2020.??.??"]
[WhiteTeam "SC Buer-Hassel 1919 e. V."]
[BlackTeam "SV Horst-Emscher 31"]

1. d4 d5 2. Nf3 Nf6 3. g3 c6 4. Bg2 h6 5. O-O Bf5 6. c3 e6 7. Be3 Bd6 8. Nbd2
Nbd7 9. c4 O-O 10. a3 Rc8 11. c5 Bb8 12. b4 Re8 13. Nb3 e5 14. Na5 b6 15. Nb7
Qe7 16. Qd2 Ng4 17. h3 Nxe3 18. Qxe3 e4 19. Nh4 Bh7 20. f3 g5 21. Nd6 Bxd6 22.
cxd6 Qxd6 23. fxe4 gxh4 24. gxh4 Bxe4 25. Bxe4 Rxe4 26. Qf3 Qe6 27. Rf2 Re3 28.
Qf4 Re8 29. Raf1 Kh8 30. Qg4 Rg8 31. Rg2 Rxg4 32. hxg4 Rxe2 33. Rxe2 Qxe2 34.
Rf2 Qxg4+ 35. Kf1 f5 36. a4 Nf6 0-1

[Event "OHS 2020"]
[Site "Herne-Sodingen"]
[Date "2020.02.17"]
[Round "4.19"]
[White "Lojack, Rouven"]
[Black "Deppe, Stephan"]
[Result "1-0"]
[WhiteElo "1527"]
[BlackElo "1109"]
[PlyCount "87"]
[EventDate "2020.??.??"]
[WhiteTeam "SV Königsspringer Halt"]
[BlackTeam "SC an der Uni Bochum 196"]

1. e4 e5 2. Nf3 Nc6 3. Bb5 a6 4. Ba4 Nf6 5. O-O b5 6. Bb3 Be7 7. Ng5 O-O 8.
Nxf7 Rxf7 9. Bxf7+ Kxf7 10. d3 d6 11. Nc3 Bb7 12. f4 exf4 13. Bxf4 Kg8 14. Nd5
Nd4 15. Nxe7+ Qxe7 16. c3 Ne6 17. Be3 c5 18. b3 Re8 19. c4 b4 20. a3 a5 21.
axb4 axb4 22. Ra7 Ra8 23. Qa1 Rxa7 24. Qxa7 Qc7 25. d4 Ng4 26. Bf4 Nxf4 27.
Rxf4 Nf6 28. d5 Ne8 29. Qa1 Bc8 30. g4 g5 31. Rf2 Bxg4 32. Rg2 Qd7 33. h3 Bxh3
34. Rxg5+ Ng7 35. e5 Qe7 36. Rg3 Bf5 37. exd6 Qd7 38. Qa8+ Qc8 39. Qc6 Bd7 40.
Qc7 Kf7 41. Rf3+ Ke8 42. Re3+ Kf8 43. Qa7 h5 44. Re7 1-0

[Event "OHS 2020"]
[Site "Herne-Sodingen"]
[Date "2020.02.17"]
[Round "4.20"]
[White "Eibl, Rüdiger"]
[Black "Brodt, Andreas"]
[Result "0-1"]
[WhiteElo "1605"]
[BlackElo "1534"]
[PlyCount "72"]
[EventDate "2020.??.??"]
[WhiteTeam "SC Buer-Hassel 1919 e. V."]
[BlackTeam "SC Gerthe 46 - Werne"]

1. d4 Nf6 2. Bf4 c5 3. e3 e6 4. c3 Nc6 5. Nf3 Qb6 6. Qb3 d5 7. Nbd2 Bd7 8. Qxb6
axb6 9. Bc7 c4 10. Bxb6 Bd6 11. a4 Na5 12. Be2 O-O 13. O-O Ra6 14. Bc5 Bxc5 15.
dxc5 Rc6 16. Rfc1 Rxc5 17. b4 cxb3 18. Rcb1 Rxc3 19. Nd4 Ra8 20. N2xb3 Nxb3 21.
Rxb3 Rxb3 22. Nxb3 Rxa4 23. Rc1 Ra8 24. Nd4 g6 25. f4 Kf8 26. g4 h6 27. Rc7 Bc8
28. h3 Ne8 29. Rc2 Nd6 30. Rb2 Bd7 31. Rb6 Ra1+ 32. Kg2 Ke7 33. Bd3 Ra3 34. Nb5
Nxb5 35. Bxb5 Rb3 36. Rxb7 Rxb5 0-1

[Event "OHS 2020"]
[Site "Herne-Sodingen"]
[Date "2020.02.17"]
[Round "4.21"]
[White "Bock, Oswin"]
[Black "Berthy, Andreas"]
[Result "0-1"]
[WhiteElo "1426"]
[BlackElo "1605"]
[PlyCount "134"]
[EventDate "2020.??.??"]
[WhiteTeam "SG Höntrop 1947"]
[BlackTeam "vereinslos"]

1. Nf3 Nf6 2. g3 b6 3. Bg2 Bb7 4. O-O e6 5. d3 c5 6. Nbd2 Be7 7. b3 O-O 8. Bb2
d6 9. Re1 Nbd7 10. e4 e5 11. Nh4 g6 12. Nf1 Ne8 13. Nf3 Bf6 14. Ne3 Bg7 15. Nd5
Ndf6 16. Ne3 Nc7 17. c4 Nfe8 18. Bc1 Bc8 19. Nd2 Bd7 20. Nb1 Qc8 21. Nc3 Nf6
22. a4 Be6 23. Ncd5 Nfxd5 24. cxd5 Bd7 25. Nc4 Ne8 26. Bg5 f6 27. Bc1 Bh3 28.
Bh1 Qd7 29. Be3 f5 30. exf5 Qxf5 31. Ra2 Bg4 32. f3 Bxf3 33. Bxf3 Qxf3 34. Rf2
Qxd5 35. Rxf8+ Bxf8 36. Qg4 Ng7 37. h4 Qe6 38. Qf3 Re8 39. Bf2 Nf5 40. Nd2 Bg7
41. Ne4 Rf8 42. Qg2 Nd4 43. Ng5 Qxb3 44. Bxd4 cxd4 45. Rf1 Rxf1+ 46. Qxf1 h6
47. Ne4 Qe6 48. Kg2 d5 49. Nf2 e4 50. dxe4 dxe4 51. Nh3 Qa2+ 52. Kh1 Qxa4 53.
h5 g5 54. Qf5 Qe8 55. g4 e3 56. Qd5+ Qf7 57. Qd8+ Qf8 58. Qd5+ Kh8 59. Ng1 a5
60. Ne2 Qf6 61. Qa8+ Kh7 62. Qe4+ Kh8 63. Nxd4 Bf8 64. Nf5 e2 65. Qxe2 a4 66.
Ne3 a3 67. Nd5 Qa1+ 0-1

[Event "OHS 2020"]
[Site "Herne-Sodingen"]
[Date "2020.02.17"]
[Round "4.22"]
[White "Neumann, Frank"]
[Black "Böcher, Joachim"]
[Result "1-0"]
[WhiteElo "1266"]
[BlackElo "1480"]
[PlyCount "99"]
[EventDate "2020.??.??"]
[WhiteTeam "SV Waltrop 1922 e. V."]
[BlackTeam "SG Höntrop 1947"]

1. e4 c5 2. Nc3 Nc6 3. Bb5 Nd4 4. Bc4 d6 5. f4 e6 6. Nf3 Nxf3+ 7. Qxf3 Nf6 8.
Bb5+ Bd7 9. Bxd7+ Qxd7 10. O-O Qc6 11. d3 Be7 12. f5 O-O 13. Qg3 Kh8 14. Bg5
Nh5 15. Qg4 Bxg5 16. Qxg5 Nf6 17. Rf3 Qe8 18. Rg3 Rg8 19. Re1 exf5 20. Qxf5 Qe5
21. Rf1 Rae8 22. Qxe5 dxe5 23. Nb5 a6 24. Nd6 Re7 25. Nc4 Nh5 26. Rg5 b5 27.
Rxe5 Rge8 28. Rxh5 bxc4 29. Rxc5 cxd3 30. cxd3 f6 31. Rfc1 Rd8 32. Rc8 Red7 33.
Rxd8+ Rxd8 34. Rc3 g6 35. Kf2 Kg7 36. Ke3 Rb8 37. b3 Rb5 38. d4 a5 39. Rc5 Rb6
40. Rxa5 f5 41. exf5 gxf5 42. Rxf5 Ra6 43. a4 Re6+ 44. Re5 Rb6 45. Rb5 Rg6 46.
a5 Rxg2 47. a6 Rxh2 48. Ra5 Rh3+ 49. Ke4 Rh4+ 50. Kd3 1-0

[Event "OHS 2020"]
[Site "Herne-Sodingen"]
[Date "2020.02.17"]
[Round "4.23"]
[White "Schmidt, Rolf-Günther"]
[Black "Rath, Michael"]
[Result "0-1"]
[WhiteElo "995"]
[BlackElo "1822"]
[PlyCount "62"]
[EventDate "2020.??.??"]
[WhiteTeam "Recklinghäuser Schachgemeinschaf"]
[BlackTeam "SV Königsspringer Halt"]

1. d4 d5 2. c4 Nf6 3. Nc3 c6 4. cxd5 cxd5 5. g3 Bf5 6. Bg2 e6 7. Nf3 Nc6 8. a3
Be7 9. O-O h6 10. Ne5 O-O 11. b4 Rc8 12. Bb2 Qb6 13. e3 Rc7 14. Re1 a6 15. Na4
Qa7 16. Nc5 Rfc8 17. Rc1 b6 18. Ncd3 Qb8 19. Nxc6 Rxc6 20. Rxc6 Rxc6 21. Ne5
Rc2 22. Qa1 Ne4 23. Bxe4 Bxe4 24. Rc1 Qc7 25. Rxc2 Qxc2 26. Qc1 Qe2 27. Ba1 f6
28. Nd7 Qf3 29. Qc8+ Kh7 30. Nf8+ Bxf8 31. Qxf8 Qd1# 0-1

[Event "OHS 2020"]
[Site "Herne-Sodingen"]
[Date "2020.03.02"]
[Round "5.1"]
[White "Quast, Marcel"]
[Black "Koscielski, Janusz"]
[Result "1-0"]
[WhiteElo "2236"]
[BlackElo "2215"]
[PlyCount "55"]
[EventDate "2020.??.??"]
[WhiteTeam "SC Gerthe 46 - Werne"]
[BlackTeam "SV Wattenscheid 1930 e"]

1. e4 c5 2. d4 cxd4 3. c3 Nf6 4. e5 Nd5 5. Nf3 Nc6 6. cxd4 d6 7. Bc4 Nb6 8. Bb5
Bd7 9. Nc3 dxe5 10. d5 Nb4 11. Nxe5 Bxb5 12. Nxb5 Rc8 13. O-O Qxd5 14. Qe2 Rc2
15. Qxc2 Nxc2 16. Nc7+ Kd8 17. Nxd5 Nxd5 18. Rb1 Ke8 19. a3 e6 20. Rd1 Bd6 21.
Nc4 Bc5 22. Rd2 b5 23. Rxc2 bxc4 24. Rxc4 Bb6 25. Rc8+ Bd8 26. Ra8 a5 27. Bd2
Nb6 28. Rxa5 1-0

[Event "OHS 2020"]
[Site "Herne-Sodingen"]
[Date "2020.03.02"]
[Round "5.2"]
[White "Kiese, Matthias"]
[Black "Cobanoglu, Ferhat"]
[Result "1-0"]
[WhiteElo "2176"]
[BlackElo "1743"]
[PlyCount "83"]
[EventDate "2020.??.??"]
[WhiteTeam "Bochumer SV 02"]
[BlackTeam "SK Sodingen/Castrop 24/23 e. V."]

1. d4 d6 2. Nf3 Nf6 3. g3 Nbd7 4. Bg2 e5 5. c4 Be7 6. Nc3 c6 7. O-O O-O 8. e4
h6 9. h3 a6 10. Be3 b5 11. c5 Bb7 12. cxd6 Bxd6 13. dxe5 Nxe5 14. Nxe5 Bxe5 15.
f4 Bc7 16. e5 Bb6 17. Qe2 Re8 18. Rad1 Qc7 19. Bxb6 Qxb6+ 20. Qf2 Qxf2+ 21.
Rxf2 Nh7 22. Rd7 Bc8 23. Rc7 Be6 24. a3 Rac8 25. Rxc6 Bxh3 26. Rxa6 Bd7 27. Rd2
Nf8 28. Ra7 Rcd8 29. Kf2 Be6 30. Rxd8 Rxd8 31. Ke3 Bc4 32. Be4 Ne6 33. Ra8 Rxa8
34. Bxa8 g5 35. fxg5 hxg5 36. Bc6 Nc7 37. Ne4 Ne6 38. Bd7 Nc7 39. Nxg5 Nd5+ 40.
Kd4 Nb6 41. e6 Kf8 42. Nxf7 1-0

[Event "OHS 2020"]
[Site "Herne-Sodingen"]
[Date "2020.03.02"]
[Round "5.3"]
[White "Czarnik, Jozef"]
[Black "Ophüls, Jan"]
[Result "0-1"]
[WhiteElo "1897"]
[BlackElo "2090"]
[PlyCount "68"]
[EventDate "2020.??.??"]
[WhiteTeam "SV Königsspringer Halt"]
[BlackTeam "SK Turm Rheydt 1929 e. V"]

1. e4 c5 2. Nf3 e6 3. d4 cxd4 4. Nxd4 Nc6 5. Nc3 Qc7 6. Be3 Nf6 7. f4 d6 8. Be2
Be7 9. O-O O-O 10. Bf3 Nxd4 11. Qxd4 e5 12. Qd2 exf4 13. Bxf4 Be6 14. Nd5 Bxd5
15. exd5 Nd7 16. Rae1 Bf6 17. c3 Ne5 18. Be4 g6 19. Qf2 Bg7 20. g3 a5 21. Re2
b5 22. Bxe5 Bxe5 23. Bg2 Qc4 24. a3 b4 25. Re4 Qb3 26. axb4 a4 27. b5 Qxb5 28.
Rb4 Qd7 29. Ra1 Rfc8 30. Bf1 a3 31. Rxa3 Rxa3 32. bxa3 Rxc3 33. a4 Qc7 34. Qb6
Qxb6+ 0-1

[Event "OHS 2020"]
[Site "Herne-Sodingen"]
[Date "2020.03.02"]
[Round "5.4"]
[White "Hammerich, Simon"]
[Black "Wiechen, Ulrich"]
[Result "1-0"]
[WhiteElo "2032"]
[BlackElo "1910"]
[PlyCount "63"]
[EventDate "2020.??.??"]
[WhiteTeam "SC Buer-Hassel 1919 e. V."]
[BlackTeam "SC Buer-Hassel 1919 e. V."]

1. e4 e5 2. Nf3 Nc6 3. Bb5 a6 4. Ba4 d6 5. O-O Bg4 6. h3 h5 7. d4 b5 8. Bb3 Qf6
9. hxg4 hxg4 10. Ng5 Qh6 11. Bxf7+ Ke7 12. Nh3 Qxc1 13. Qxc1 Nxd4 14. Qd1 gxh3
15. Bxg8 h2+ 16. Kh1 Rxg8 17. f4 g6 18. c3 Ne6 19. f5 gxf5 20. exf5 Nf4 21.
Rxf4 exf4 22. Qd5 Bg7 23. Qe6+ Kf8 24. f6 Re8 25. fxg7+ Rxg7 26. Qf6+ Kg8 27.
Nd2 Re2 28. Nf3 Rexg2 29. Re1 R2g4 30. Re8+ Kh7 31. Qf5+ R4g6 32. Qh5+ 1-0

[Event "OHS 2020"]
[Site "Herne-Sodingen"]
[Date "2020.03.02"]
[Round "5.5"]
[White "Wiese, Thomas"]
[Black "Wolff, Christoph"]
[Result "0-1"]
[WhiteElo "1837"]
[BlackElo "1964"]
[PlyCount "38"]
[EventDate "2020.??.??"]
[WhiteTeam "SV Kamen 1930"]
[BlackTeam "SC Buer-Hassel 1919 e. V."]

1. d4 Nf6 2. c4 g6 3. Nc3 d5 4. Nf3 Bg7 5. Qb3 dxc4 6. Qxc4 Nc6 7. e4 O-O 8.
Be2 Bg4 9. Be3 Nd7 10. Rd1 Bxf3 11. Bxf3 e5 12. d5 Nd4 13. Bxd4 exd4 14. Ne2
Ne5 15. Qb3 c5 16. dxc6 Qa5+ 17. Kf1 bxc6 18. Nxd4 c5 19. Ne2 Rab8 0-1

[Event "OHS 2020"]
[Site "Herne-Sodingen"]
[Date "2020.03.02"]
[Round "5.6"]
[White "Schmidt, Ralph"]
[Black "Melmer, Felix"]
[Result "0-1"]
[WhiteElo "1913"]
[BlackElo "1833"]
[PlyCount "128"]
[EventDate "2020.??.??"]
[WhiteTeam "SV Bochum-Linden-Dahlh"]
[BlackTeam "SC Gerthe 46 - Werne"]

1. e4 c5 2. Nc3 Nc6 3. d3 Nf6 4. Be3 d5 5. exd5 Nxd5 6. Nxd5 Qxd5 7. Ne2 Nd4 8.
Nf4 Qd6 9. c3 Nf5 10. Be2 e5 11. Nh5 g6 12. Ng3 Nxe3 13. fxe3 f5 14. d4 Bh6 15.
Bb5+ Ke7 16. Qe2 a6 17. Ba4 b5 18. Bb3 Re8 19. O-O Kd8 20. dxc5 Qxc5 21. Rad1+
Kc7 22. Rfe1 Bb7 23. Kh1 e4 24. Rd4 Rad8 25. Red1 Rxd4 26. Rxd4 Rd8 27. Rxd8
Kxd8 28. Qd2+ Kc7 29. Nf1 Bg7 30. Bg8 h6 31. Bf7 g5 32. Be6 Bc8 33. Bxc8 Kxc8
34. g3 Kc7 35. a3 Qd6 36. Kg2 Be5 37. Qc2 Kb6 38. Qb3 f4 39. c4 f3+ 40. Kf2 g4
41. cxb5 axb5 42. a4 b4 43. Qc4 Bxb2 44. Qxe4 h5 45. Qc4 Bc3 46. Qb5+ Kc7 47.
Qc4+ Qc6 48. Qa2 Qd7 49. Qc4+ Kb6 50. h3 Qxa4 51. hxg4 hxg4 52. Qe6+ Kc7 53.
Qe7+ Qd7 54. Qc5+ Kb7 55. Qc4 Kb6 56. e4 Qd4+ 57. Qxd4+ Bxd4+ 58. Ke1 Bc3+ 59.
Kd1 b3 60. Ne3 f2 61. Ke2 Bd4 62. Nc4+ Kc5 63. Nd2 b2 64. Kf1 Be3 0-1

[Event "OHS 2020"]
[Site "Herne-Sodingen"]
[Date "2020.03.02"]
[Round "5.7"]
[White "Deutschmann, Jürgen"]
[Black "Löffelbein, Klaus"]
[Result "0-1"]
[WhiteElo "1580"]
[BlackElo "1843"]
[PlyCount "78"]
[EventDate "2020.??.??"]
[WhiteTeam "SV Hattingen e. V."]
[BlackTeam "SC Gerthe 46 - Werne"]

1. d4 Nf6 2. Nc3 e6 3. Bf4 c5 4. dxc5 Bxc5 5. e3 a6 6. Bd6 Qb6 7. Bxc5 Qxc5 8.
Qd4 Qc7 9. O-O-O Nc6 10. Qd6 Qxd6 11. Rxd6 b5 12. Be2 b4 13. Na4 Ne4 14. Rxc6
dxc6 15. Nh3 Ke7 16. f3 Nf6 17. Nb6 Ra7 18. Nxc8+ Rxc8 19. e4 a5 20. Bc4 a4 21.
Nf2 Nd7 22. Nd3 Nb6 23. b3 Nxc4 24. bxc4 c5 25. Kb2 Rd7 26. Rd1 f6 27. Rd2 Rd4
28. Kc1 Rxc4 29. Nb2 Rd4 30. Rxd4 cxd4 31. Kd2 Ra8 32. Nc4 Rb8 33. Na5 Kd7 34.
Kd3 Rb5 35. Nc4 e5 36. Nb2 b3 37. cxb3 axb3 38. a4 Rc5 39. a5 Rc3+ 0-1

[Event "OHS 2020"]
[Site "Herne-Sodingen"]
[Date "2020.03.02"]
[Round "5.8"]
[White "Wingerning, Gerd"]
[Black "Jähnicke, Karl-Heinz"]
[Result "1-0"]
[WhiteElo "1740"]
[BlackElo "1742"]
[PlyCount "79"]
[EventDate "2020.??.??"]
[WhiteTeam "SC Buer-Hassel 1919 e. V."]
[BlackTeam "SV Rochade Eving 25/64"]

1. e4 d6 2. d4 Nf6 3. Nc3 g6 4. Be3 Bg7 5. Be2 O-O 6. Qd2 Re8 7. Bh6 Bh8 8. h4
Ng4 9. Bxg4 Bxg4 10. f3 Bd7 11. h5 e6 12. hxg6 fxg6 13. O-O-O Nc6 14. Nge2 Qf6
15. Bg5 Qf8 16. Rh2 Bf6 17. Bh6 Bg7 18. Be3 Re7 19. Rdh1 Bh8 20. Rh6 Rf7 21.
Ng1 Ne7 22. Nh3 Bg7 23. Rh4 Bf6 24. Bg5 Bg7 25. Bh6 Bxh6 26. Rxh6 Rg7 27. Ng5
Qf6 28. Nxh7 Rxh7 29. Rxh7 Rf8 30. Qh6 Re8 31. Ne2 e5 32. d5 c6 33. Ng3 Qf4+
34. Qxf4 exf4 35. dxc6 bxc6 36. Ne2 d5 37. Rh8+ Kf7 38. R1h7+ Kf6 39. e5+ Ke6
40. Nd4+ 1-0

[Event "OHS 2020"]
[Site "Herne-Sodingen"]
[Date "2020.03.02"]
[Round "5.9"]
[White "Tolksdorf, Jürgen"]
[Black "Gritzan, Ulrich"]
[Result "0-1"]
[WhiteElo "1679"]
[BlackElo "1805"]
[PlyCount "86"]
[EventDate "2020.??.??"]
[WhiteTeam "SG Höntrop 1947"]
[BlackTeam "SF Gelsenkirchen 2002"]

1. e4 c5 2. Nf3 d6 3. Nc3 Nf6 4. Bc4 Nc6 5. d4 cxd4 6. Nxd4 Bg4 7. f3 Bh5 8.
Be3 e6 9. Qe2 Be7 10. O-O-O O-O 11. g4 Bg6 12. h4 h5 13. Rhg1 Ne5 14. gxh5 Nxh5
15. Bg5 Nf6 16. Bb3 a6 17. f4 Bh5 18. Qg2 Bxd1 19. fxe5 dxe5 20. Nxe6 fxe6 21.
Bxe6+ Kh8 22. Bh6 Bg4 23. Bxg4 gxh6 24. Be6 Nh5 25. Qg6 Rf6 26. Qxh5 Rxe6 27.
Qf7 Bg5+ 28. hxg5 Qe7 29. Qh5 Rg8 30. Nd5 Rxg5 31. Nxe7 Rxh5 32. Ng6+ Rxg6 33.
Rxg6 Kh7 34. Re6 Rg5 35. Re7+ Kg6 36. Rxb7 h5 37. Rb6+ Kh7 38. Rxa6 h4 39. Rd6
h3 40. Rd1 h2 41. Kd2 Rg1 42. c4 Rxd1+ 43. Kxd1 h1=Q+ 0-1

[Event "OHS 2020"]
[Site "Herne-Sodingen"]
[Date "2020.03.02"]
[Round "5.10"]
[White "Boxberg, Olaf"]
[Black "Gausmann, Thomas"]
[Result "1/2-1/2"]
[WhiteElo "1796"]
[BlackElo "1681"]
[PlyCount "25"]
[EventDate "2020.??.??"]
[WhiteTeam "SV Datteln 1924"]
[BlackTeam "SG Bochum 1931"]

1. f4 d5 2. Nf3 g6 3. e3 Bg7 4. d4 Nh6 5. Bd3 O-O 6. O-O Bf5 7. Bxf5 Nxf5 8. c3
c5 9. Qb3 b6 10. dxc5 bxc5 11. Rd1 e6 12. e4 Ne7 13. Be3 1/2-1/2

[Event "OHS 2020"]
[Site "Herne-Sodingen"]
[Date "2020.03.02"]
[Round "5.11"]
[White "Ponto, Michael"]
[Black "Kleinert, Andreas"]
[Result "0-1"]
[WhiteElo "1618"]
[BlackElo "1767"]
[PlyCount "78"]
[EventDate "2020.??.??"]
[WhiteTeam "SV Horst-Emscher 31"]
[BlackTeam "SF Gelsenkirchen 2002"]

1. c4 e5 2. Nc3 Nf6 3. Nf3 Nc6 4. d4 exd4 5. Nxd4 Bb4 6. a3 Bxc3+ 7. bxc3 h6 8.
Bf4 d6 9. h3 Bd7 10. e3 O-O 11. Be2 Re8 12. O-O Ne4 13. Qc2 Qf6 14. Bf3 Qg6 15.
Bxe4 Qxe4 16. Qxe4 Rxe4 17. f3 Re7 18. e4 Ne5 19. Nf5 Be6 20. Nd4 Nxc4 21. Rfb1
Nb6 22. a4 a5 23. Be3 Nc4 24. Bf2 b6 25. Bh4 f6 26. Nc6 Ree8 27. Nd4 Bd7 28.
Nb5 Bxb5 29. Rxb5 Re5 30. Rbb1 Rd8 31. Bg3 Ree8 32. Rd1 Ne5 33. Rac1 Nc4 34.
Bf2 Rd7 35. Rd4 Ne5 36. c4 Red8 37. f4 Nc6 38. Rdd1 Re7 39. Re1 Rde8 0-1

[Event "OHS 2020"]
[Site "Herne-Sodingen"]
[Date "2020.03.02"]
[Round "5.12"]
[White "Schicktanz, Florian"]
[Black "Bialas, Jan-Philip"]
[Result "1-0"]
[WhiteElo "1748"]
[BlackElo "1558"]
[PlyCount "41"]
[EventDate "2020.??.??"]
[WhiteTeam "SV Erkenschwick 1923 e"]
[BlackTeam "SV Datteln 1924"]

1. e4 c5 2. f4 Nc6 3. Nf3 d6 4. c4 e6 5. Nc3 Nge7 6. d4 cxd4 7. Nxd4 g6 8. Be3
Bg7 9. Be2 O-O 10. Nxc6 Bxc3+ 11. bxc3 bxc6 12. O-O Qc7 13. Rb1 Bd7 14. Bd3 c5
15. f5 exf5 16. exf5 Bxf5 17. Bh6 Bxd3 18. Qxd3 Rfe8 19. Rbd1 Nf5 20. Rxf5 gxf5
21. Qg3+ 1-0

[Event "OHS 2020"]
[Site "Herne-Sodingen"]
[Date "2020.03.02"]
[Round "5.13"]
[White "Brodt, Andreas"]
[Black "Olbrich, Peter"]
[Result "0-1"]
[WhiteElo "1534"]
[BlackElo "1717"]
[PlyCount "68"]
[EventDate "2020.??.??"]
[WhiteTeam "SC Gerthe 46 - Werne"]
[BlackTeam "SF Gelsenkirchen 2002"]

1. e4 e6 2. Nf3 d5 3. Nc3 Nf6 4. e5 Nfd7 5. d4 c5 6. Bg5 Qb6 7. Bb5 a6 8. dxc5
Bxc5 9. Bxd7+ Bxd7 10. O-O Qxb2 11. Qd3 b5 12. Rab1 Qa3 13. Rb3 Qa5 14. Be3
Bxe3 15. Qxe3 O-O 16. a3 Nc6 17. Rfb1 Ne7 18. Nd4 Rac8 19. Na2 Rc4 20. Nb4 Rfc8
21. Rd1 Qb6 22. Rbd3 a5 23. Qg5 Ng6 24. Na2 b4 25. axb4 axb4 26. Nc1 Ba4 27.
Ncb3 Rc3 28. h4 Rxd3 29. Rxd3 Bxb3 30. cxb3 Qc7 31. Re3 Qc1+ 32. Kh2 Qd1 33. h5
h6 34. Qg3 Qxh5+ 0-1